000 01199cam a22002535a 4500
001 L135442
008 061026s2008 xxk f 001 0 eng u
020 _a9781846610295
035 _a(Sirsi) u135442
050 0 4 _a346.4104343 $2 18
100 _aWeekes, Tom
245 _aProperty notices
_bvalidity and service
260 _aBristol
_bJordans Ltd
_c2008
300 _a185p.
_c26cm.
350 _a65
505 2 _aIdentifying the requirements of a valid notice -- The interpretation of notices -- Common issues -- Waiver, estoppel and the withdrawal of notices -- Service at common law -- Service pursuant to contractual provisions -- Methods of service authorised by statute
520 _aProvides a guide for lawyers, aimed at describing issues relating to the service of notices upon properties. Deals with issues which may affect notices' validity. Covers common issues such as departure of. Considers waivers, estoppel and the withdrawal of notices, and with common law service including by agents and sub-agents.
521 2 _aAdvanced
590 _aKA
651 4 _aUnited Kingdom
_y
690 _aBlock management
_96220
690 _aLandlord and tenant
_96252
942 _n0
999 _c106064
_d106064